| 000 | 01250nam a2200301 i 4500 | ||
|---|---|---|---|
| 999 |
_c65059 _d65059 |
||
| 001 | 768714001 | ||
| 003 | CO-MdFUSB | ||
| 005 | 20190521150316.0 | ||
| 008 | 190517t2001 sp |||| |||| 00| 0 spa d | ||
| 020 | _a8495042622 | ||
| 040 |
_aCO-MdFUSB _bspa _cCO-MdFUSB _dCO-MdFUSBC _erda |
||
| 041 | _aspa | ||
| 082 |
_a222.3506 _bJ61 _222 |
||
| 100 |
_aJiménez Hernández, Emiliano, _eautor |
||
| 245 |
_aRut la moabita _c: resonancias bíblicas _b/ Emiliano Jiménez Hernández. |
||
| 264 | 1 |
_aBilbao, España : _bGrafite Ediciones, _c[2001] |
|
| 264 | 4 | _c© 2001 | |
| 300 |
_c295 páginas _a; 20 cm |
||
| 336 |
_2rdacontent _atexto _btxt |
||
| 337 |
_2rdamedia _asin mediación _bn |
||
| 338 |
_2rdacarrier _avolumen _bnc |
||
| 490 | _aHagadot | ||
| 505 | _aEl marco del libro. -- Hubo hambre en la tierra. -- De Belén a Moab. -- De Moab a Belén. -- El camino de la conversión. -- Llegada a Belén. -- La siega de la cebada. -- En casa. -- En la era. -- Sé mi Goel. -- De vuelta en casa. -- En la puerta de Belén. -- Bendición sobre Booz y Rut. -- Obed, David, Cristo. -- Epílogo: Espigas caídas. | ||
| 563 | _aRústico. | ||
| 630 | 7 |
_aBiblia. _pRut _xCrítica, interpretación, etc. |
|
| 650 | 7 |
_9327 _aMujeres en la Biblia |
|
| 942 | _cBK | ||